| 000 | 01161nam2a22002531 4500 | ||
|---|---|---|---|
| 001 | RU\NLR\INFOCOMM18\1000111079 | ||
| 005 | 20250617041706.0 | ||
| 035 | _a(NLR Aleph) 002440285 | ||
| 090 |
_a2072866 _c2072866 |
||
| 100 | _a20040421d1999 |||y0rusy50 ca | ||
| 101 | 0 | _arus | |
| 102 | _aRU | ||
| 105 | _ay ||||||||| | ||
| 200 | 1 |
_aУчастие российских подданных в англо-бурской войне (1889-1902 гг.) _fГ.В. Шубин |
|
| 210 |
_d1999 _aБ. м. |
||
| 461 | 0 |
_1001RU\NLR\INFOCOMM18\1000111077 _12001#$aТруды Института Африки$iСерия "Источники. Историография. Документы"$fРос. акад. наук.$vТ.2 _92072848 _aИнститут Африки (Москва) _cМ. _d1999- _fРос. акад. наук. _iСерия "Источники. Историография. Документы" _nИн-т Африки _tТруды Института Африки _vТ.2 |
|
| 700 | 1 |
_aШубин _bГ.В. _4070 |
|
| 801 | 1 |
_aRU _bInfoComm _c20040421 |
|
| 801 | 0 |
_aRU _bNLR _gPSBO |
|
| 852 |
_aNLR _jП22/7217 |
||
| 942 | _cISSUE | ||
| 980 | _aNB | ||
| 980 | _aRUSPER | ||